Sociológia časopis pre otázky sociológie

Guardado en:
Detalles Bibliográficos
Formato: Seriadas
Lenguaje:eslovaco
checo
inglés
Publicado: Bratislava Sociologický ústav SAV
Materias:
Etiquetas: Agregar Etiqueta
Sin Etiquetas, Sea el primero en etiquetar este registro!

MARC

LEADER 00000nas1a22000001 4500
001 s120023
005 20260211114418.2
022 |a 0049-1225 
022 |a 1336-8613 
041 0 |a slo 
041 0 |a cze 
041 0 |a eng 
044 |a SK 
245 1 0 |a Sociológia  |b časopis pre otázky sociológie 
264 1 |a Bratislava  |b Sociologický ústav SAV 
500 |a Od roku 1997 vychádza šesťkrát ročne buď v slovenskej alebo v anglickej verzii 
500 |a Prvý podnázov: časopis Sociologického ústavu 
610 2 0 |a sociológia 
610 2 0 |a štúdie sociologické 
610 2 0 |a výskum sociologický